000 00554cam a2200169 4500500
005 20251228090708.0
041 _afre
042 _adc
100 1 0 _aDaudin, Claire
_eauthor
700 1 0 _aCaradec, Jean-Yves
_eauthor
700 1 0 _aHaye, François
_eauthor
245 0 0 _aPages de début
260 _c2015.
500 _a66
786 0 _nBulletin de l’Amitié Charles Péguy | 150 | 2 | 2015-04-09 | p. 96-96 | 0180-8567
856 4 1 _uhttps://shs.cairn.info/revue-bulletin-de-lamitie-charles-peguy-2015-2-page-96?lang=fr&redirect-ssocas=7080
999 _c1602602
_d1602602